Statistics for Illinois Quiz

Click here to take the quiz!

General Stats

  • This quiz has been taken 74 times
  • The average score is 3 of 10

Answer Stats

QuestionAnswer% Correct
What Is The Capital City Of Illinois?Springfield
92%
In What Year Was Illinois Admitted To The Union?1818
67%
What Is One Of Illinois' Nicknames?The Prairie State, The Land Of Lincoln, Or The Corn State
67%
What US President Was Born In Tampico, Illinois?Ronald Wilson Reagan
50%
How Many Other States Were Admitted In That Year?None
18%
What Is The Highest Point In Illinois?Charles Mound
8%
What Is The Official State Grass Of Illinois?Big Bluestem
7%
What Is Another Name For The Shawnee Hills?Illinois Ozarks
3%
Whose Design For The Illinois State Flag Was Approved And Signed By The Governor In 1970?Mrs. Sanford Hutchison
0%
What Is The Motto Of Illinois?State Severeignty, National Union
0%

Score Distribution

Percentile by Number Answered

Percent of People with Each Score

Your Score History

You have not taken this quiz